000 00503nam a22001577a 4500
008 150309b xxu||||| |||| 00| 0 eng d
020 _a0335008313
050 _aPR6019.O9 Z7266
100 _aMartin, Graham
_915970
245 _aJames Joyce
_c/by Graham Martin
260 _aMilton Kaynes
_bThe Open university Press
_c1973
300 _a43p. ;
_c30cm.
440 _aArts: A third level course
_nu.31
_915971
650 _aJoyce, James
_xStudy and teaching
_xOutlines
_915972
942 _2lcc
_cMONOGRAPH
999 _c122327
_d122327